| 000 | 00625nam a2200253 a 4500 | ||
|---|---|---|---|
| 001 | nice12345678 | ||
| 003 | IN_TiNIC | ||
| 005 | 20260116011637.0 | ||
| 008 | 050524s1979 dela grp 000 0 eng | ||
| 020 |
_a _c20 |
||
| 082 | 0 | 0 |
_a294.53 _bMCM |
| 100 | _aMcmullen, Clarence O | ||
| 245 | _aRituals and Sacraments in Indian Religions | ||
| 260 |
_aDelhi _bISPCK _c1979 |
||
| 300 | _a141p | ||
| 500 | _aincludes index and biblioraphy | ||
| 505 | 2 | _abibliography | |
| 650 | _aHinduism-Rituals | ||
| 650 | _aIndia-Religion | ||
| 700 | 1 | _aMcmullen, Clarence O | |
| 902 | _bSRS | ||
| 942 | _cBK | ||
| 999 |
_c3084 _d3084 |
||